250102 - Quiz quotidien du 2 janvier 2025 - spécial aviation - Statistiques

Statistiques générales
  • Ce quiz a été pris 81 fois
  • Le résultat moyen est 6 sur 10
Statistiques - réponses
Question Réponse % Correct
Quel est le code aéroportuaire du principal aéroport international de Paris ? CDG
92%
Où se trouve l'aéroport John Lennon ? Liverpool
76%
Lequel de ces mots n'est PAS utilisé pour décrire l'un des trois axes de rotation d'un avion ? Altitude
74%
Quelle compagnie aérienne a un kangourou sur sa dérive ? Qantas
74%
Qui meurt dans le film *Top Gun* de 1986 ? Goose
63%
Quels étaient les noms des frères Wright ? Orville et Wilbur
58%
Quel est l'avion à réaction piloté le plus rapide de tous les temps ? SR-71 Blackbird
58%
Avec un temps de vol de près de 20 heures, quel est le vol domestique le plus long actuellement proposé par une compagnie aérienne commerciale ? Paris à Tahiti
53%
Quelle ville possède l'aéroport le plus fréquenté au monde ? Atlanta
42%
Quel avion militaire a coûté au gouvernement américain plus de 400 milliards de dollars, ce qui en fait de loin le programme militaire le plus coûteux de l'histoire ? F-35
18%
Aucun quiz correspondant
Distribution des résultats
% des personnes avec chaque résultat
Percentile par nombre de réponses
Votre historique - résultats
Vous n’avez pas pris ce quiz